000 00602nam a2200193 a 4500
001 000016677
003 OSt
005 20201207083210.0
008 100309s1981 dr ac 001 0 spa d
040 _aDO-SdBNP
_bspa
_cBNPHU
082 _axxxx
_bF385i
100 1 _aFerreras, Ramón Alberto
_911298
_d1930-1993
245 1 0 _a¿Infierno? :
_b(1974 -1980: vida estudiantil en la URSS) /
_cRamón Alberto Ferrera.
260 _aSanto Domingo :
_bEditorial del Nordeste,
_c1981.
300 _a522 p. :
_bil., retrs. ;
_c21 cm.
590 _aInventariado, 2020/ YL
910 _aYLockward
942 _2ddc
_cLBS1
999 _c16210
_d16210